000 01786cam a2200289 i 4500
999 _c64137
_d64137
005 20240530110716.0
008 150521s2016 paua b 001 0 eng
017 _bمصر. دار الكتب
020 _a9780323241267 (hardcover : volume 12)
035 _a(DNLM)101659270
040 _aDNLM/DLC
_cDLC
_erda
_dDLC
082 0 4 _221
_a617.54\
_bS S
245 0 0 _aSabiston & Spencer surgery of the chest /
_c[edited by] Frank W. Sellke, MD, Karl Karlson & Gloria Karlson Professor and Chief of Cardiothoracic Surgery, Warren Alpert Medical School of Brown University and Rhode Island Hospital, Director, Lifespan Cardiovascular Institute, Providence, Rhode Island, Pedro J. del Nido, MD, William E. Ladd Professor of Surgery, Harvard Medical Scool, Chairman, Department of Cardiac Surgery, Boston Children's Hospital, Boston, Massachusetts, Scott J. Swanson, MD, Director, Minimally Invasive Thoracic Surgery, Brigham and Women's Hospital, Vice Chair, Cancer Affairs, Department of Surgery, Brigham and Women's Hospital, Chief Surgical Officer, Dana-Farber Cancer Institute, Professor of Surgery, Harvard Medical School, Boston, Massachusetts.
246 1 _aSabiston and Spencer surgery of the chest
246 1 _aSurgery of the chest
250 _aEdition 9.
300 _a2 volumes (xxix, 2410, 48 pages) :
_billustrations (some color) ;
_c29 cm
504 _aIncludes bibliographical references and index.
650 1 2 _aThoracic Surgical Procedures
_xmethods.
_2qrmak
651 _2qrmak
700 1 _aSellke, Frank W.,
_eeditor.
700 1 _aDel Nido, Pedro J.,
_eeditor.
700 1 _aSwanson, Scott J.,
_eeditor.
942 _2ddc
_cBK
906 _a7
_bcbc
_corignew
_d1
_eecip
_f20
_gy-gencatlg